| 000 | 00444nam a2200169Ia 4500 | ||
|---|---|---|---|
| 005 | 20250508151138.0 | ||
| 008 | 008 250505s9999 xx 000 0 eng d | ||
| 037 | _aTextual | ||
| 040 |
_aFEDL _beng _cFEDL |
||
| 041 |
_aeng _2eng |
||
| 084 |
_a371.716, NUT _qFEDL |
||
| 245 | 0 | _aNutrition education in the elementary school | |
| 260 | _c1943 | ||
| 300 | _a35p. | ||
| 942 |
_cTEXL _h371.716, NUT |
||
| 999 |
_c1327869 _d1327869 |
||